Score 0/10 Timer 05:00
10 Plays Today
Question Answer % Correct
What body part does Barney have pierced while attempting to complete the 'Murtagh List'Ear
74.7%
What celebrity is also obsessed with finding the burger Marshall is looking for?Regis Philbin
54.1%
According to Barney who invented the three days rule?Jesus
46.5%
What is Barney's mother's name?Loretta
42.4%
According to Marshall who is the only non-white person in Minnesota?Prince
42.3%
What is the name of Ted's radio show?Dr. X
42%
Who is the first intervention for?Stuart
38%
What is the name of Ted's architecture firm?Mosbius Designs
37.7%
What is Stella's daughter's name?Lucy
35.3%
What is the name of the character who introduces the group to the Naked Man strategy?Mitch
25.2%
Remove Ads.
Support Sporcle.
Get the best of Sporcle when you Go Orange. This ad-free experience offers more features, more stats, and more fun while also helping to support Sporcle. Thank you for becoming a member.

You're not logged in!

Compare scores with friends on all Sporcle quizzes.
OR
Log In

Show Comments

Extras

Top Quizzes Today


Score Distribution

Your Account Isn't Verified!

In order to create a playlist on Sporcle, you need to verify the email address you used during registration. Go to your Sporcle Settings to finish the process.

Report this User

Report this user for behavior that violates our Community Guidelines.

Details: